Countries of the World – 15 Seconds Sprint Sudden Death - Statistics

General Stats
  • This quiz has been taken 1,960 times
    68 since last reset
  • The average score is 13 of 50
Answers on the Grid
Answers color-coded by a green-red scale on the quiz's grid according to % correct below.
Algeria
Anatolia
Andalusia
Andorra
Armenia
Babylon
Bali
Bangladesh
Barbados
Bavaria
Belgium
Bermuda
Biafra
Bolivia
Borneo
Bulgaria
California
Canada
Chad
Chagos
Chile
Comoros
Costa Rica
Danube
East Timor
Ethiopia
Faroe Islands
France
Galapagos
Galicia
Gaza
Germany
Greenland
Grenada
Guam
Guinea
Haiti
Hannover
Hawaii
Hejaz
Hungary
Iceland
Ivory Coast
Jamaica
Japan
Kalmykia
Karelia
Kashmir
Kenya
Kiribati
Korea
Lanzarote
Lithuania
Malacca
Mato Grosso
Mexico
Mindanao
Mongolia
Montenegro
Moravia
Namibia
Nepal
New South Wales
New Zealand
Niger
Nubia
Occitane
Oman
Ontario
Poland
Polynesia
Puerto Rico
Rhodesia
Russia
Rwanda
Santa Cruz
Siberia
Sicily
Spain
Sulu
Sweden
Syria
Texas
Thailand
Thrace
Tibet
Transvaal
Transylvania
Tripura
Turkestan
Turkmenistan
Tuvalu
Uganda
Ukraine
United Arab Emirates
Uruguay
Venezuela
Virgin Islands
Wales
Zanzibar
 
Answer Stats
Answer % Correct
Ivory Coast
46%
Lithuania
46%
Russia
46%
Kenya
42%
Barbados
38%
Chile
38%
Guinea
38%
Japan
38%
Poland
38%
Turkmenistan
38%
Canada
33%
Ethiopia
33%
Uruguay
33%
Bangladesh
29%
Chad
29%
East Timor
29%
France
29%
Germany
29%
Jamaica
29%
Kiribati
29%
Niger
29%
Oman
29%
Venezuela
29%
Belgium
25%
Bolivia
25%
Bulgaria
25%
Costa Rica
25%
Mexico
25%
Sweden
25%
Syria
25%
Uganda
25%
Algeria
21%
Andorra
21%
Comoros
21%
Grenada
21%
Hungary
21%
Rwanda
21%
Tuvalu
21%
Ukraine
21%
United Arab Emirates
21%
Montenegro
17%
Namibia
17%
Thailand
17%
Armenia
13%
Iceland
13%
Mongolia
13%
New Zealand
13%
Spain
13%
Nepal
8%
Haiti
4%
No matching quizzes found
Score Distribution
Percent of People with Each Score
Percentile by Number Answered
Your Score History
You have not taken this quiz since the last reset